History Quiz

Random History Quiz

Norman and Plantaganet Kings of England Quiz Stats

 Plays Quiz not verified by Sporcle

Score 0/6 Timer 04:00
1 Play Today
% Correct
William I
99.2%
William II
94.5%
Henry I
92.2%
Stephen I
90.6%
Richard I
89.8%
Henry II
89.1%

You're not logged in!

Compare scores with friends on all Sporcle quizzes.
OR
Log In

Show Comments

Extras

Top Quizzes Today


Score Distribution

Your Account Isn't Verified!

In order to create a playlist on Sporcle, you need to verify the email address you used during registration. Go to your Sporcle Settings to finish the process.

Report this User

Report this user for behavior that violates our Community Guidelines.

Details: